Cuestiones sobre consumidores y clùsulas abusivas en prštamos hipotecarios

Bibliographic Details
Main Author: Tomillo Urbina, Jorge
Format: eBook
Language:Spanish
Published: Madrid: Dykinson, 2021
Subjects:
Online Access:Acceso restringido

MARC

LEADER 00000nam a22000007a 4500
005 20220621212143.0
007 cr|||| ||||
008 220621s2021 es |||||s|||| 00||0 spa d
020 |a 978-84-1377-949-2 
035 |a 36120 
040 |a vLex 
090 |c 13444  |d 13444 
100 1 |a Tomillo Urbina, Jorge 
245 1 0 |a Cuestiones sobre consumidores y clùsulas abusivas en prštamos hipotecarios  |h [Recurso electrn̤ico] /  |c Jorge Tomillo Urbina 
256 |a Servicio en ln̕ea 
260 |a Madrid:  |b Dykinson,  |c 2021 
300 |a 1 recurso electrn̤ico 
500 |a La presente monografa̕ se propone trazar una sencilla aproximacin̤ a los l︢timos pronunciamientos jurisprudenciales en materia de control de las clùsulas contractuales no negociadas en los prštamos hipotecarios, con la finalidad de compartir algunas reflexiones sobre sus diversas ln̕eas evolutivas, sus innegables aciertos, sus azarosas lagunas, sus frecuentes vaivenes y zigzagueos, y –tambiň– su reconocida contribucin̤ al bienestar social y a la defensa de los derechos de los consumidores. El trabajo se inicia con el anl̀isis de la dimensin̤ subjetiva de la asimetra̕ posicional (B2C), observando cm̤o la ms̀ reciente jurisprudencia manifiesta una cierta proyeccin̤ expansiva a la hora de interpretar el concepto jurd̕ico de consumidor, ensanchando el m̀bito delimitador del criterio de ajenidad con el props̤ito de contrapesar su situacin̤ de inferioridad respecto al profesional. En cuanto a la dimensin̤ objetiva de las posiciones asimťricas, la atencin̤ se fija en la contratacin̤ seriada y la correlativa formulacin̤ del principio de legalidad en el control de las clùsulas predispuestas. Es fundamental garantizar al contratante ms̀ vulnerable la posibilidad efectiva de conocer el contenido del clausulado prerredactado, y que šte ren︢a los requisitos de transparencia, concrecin̤, claridad y sencillez en textos legibles y accesibles presididos por la buena fe y la bs︢queda de un justo equilibrio entre los derechos y obligaciones de las partes. 
506 1 |a Disponible solo en los productos indicados  |d vLex Global  |d vLex Global (Academic Edition, excluding Law Schools)  |d vLex Global (U.S. Academic Edition, Law Schools)  |d vLex Global (U.S. Academic Edition, excluding Law Schools)  |d vLex Global (Academic Edition, Law Schools) 
650 0 4 |a Derechos Reales  |z Espaą 
650 0 4 |a Consumidores Usuarios  |z Espaą 
650 0 4 |a Derecho Mercantil y de la Empresa  |z Espaą 
740 0 |a vLex Libros (Servicio en ln̕ea) 
856 4 0 |u https://app.vlex.com/#/sources/36120  |z Acceso restringido 
942 |c BOOK 
999 0 |a Real Rights 
999 0 |a Consumers Users 
999 0 |a Commercial and Company Law